| 000 | 00905 a2200205 4500 | ||
|---|---|---|---|
| 001 | 38666 | ||
| 005 | 20260407155648.0 | ||
| 008 | 260407a1974 arg spa d | ||
| 003 | AR-UNSa-BCEJYS | ||
| 040 |
_aAR-UNSa-BCEJYS _bspa _cAR-UNSa-BCEJYS |
||
| 080 |
_a658.8.012.12 _xInvestigación de mercados |
||
| 245 | 1 | 0 |
_aMultievaluación de productos de nuevos productos _pdeterminación de mezcla de productos |
| 250 | _a2a. ed. | ||
| 264 | 1 |
_aBuenos Aires : _bEdiciones Macchi _c1974 |
|
| 300 |
_a139 p. _c22 cm. |
||
| 505 | _a1. Introducción - 2. Enfoque de la teoría de marketing - 3. Introducción al análisis de factibilidad - 4. Análisis de rentabilidad - 5. Análisis de riesgo - 6. La función de utilidad - 7. Decisión de mezcla de productos según el criterio rentabilidad-riesgo - 8. Conclusión | ||
| 942 | _cBK | ||
| 590 | _aniveau_biblio:m niveau_hierar:0 | ||
| 100 | 1 | _aLevy, Alberto R. | |
| 999 |
_c2914 _d2914 |
||